[Event "Titled Tue 20th May Late"]
[Site "chess.com INT"]
[Date "2025.05.20"]
[Round "8"]
[White "Bortnyk, Olexandr"]
[Black "Praggnanandhaa, R"]
[Result "1-0"]
[WhiteTitle "GM"]
[BlackTitle "GM"]
[WhiteElo "2601"]
[BlackElo "2758"]
[WhiteFideId "14120828"]
[BlackFideId "25059530"]
[EventDate "2025.05.20"]

1. d4 Nf6 2. Nc3 d5 3. Bf4 e6 4. Nb5 Bb4+ 5. c3 Ba5 6. a4 a6 7. b4 Bd7 8. Na3
Bb6 9. a5 Ba7 10. e3 O-O 11. Bd3 Be8 12. Bg5 Nbd7 13. f4 Qc8 14. Qc2 b6 15. axb6
Bxb6 16. Nf3 a5 17. b5 c5 18. bxc6 Qxc6 19. Ne5 Qc7 20. Nb5 Qb8 21. O-O Nxe5 22.
fxe5 Bxb5 23. exf6 Bxd3 24. Qxd3 g6 25. e4 Rc8 26. Rab1 Rc6 27. exd5 exd5 28.
Rfe1 Qf8 29. Qb5 Qd6 30. Kh1 a4 31. Bh6 a3 32. Qa6 Rac8 33. Rxb6 a2 34. Qxc8+ 1-0

[Event "Titled Tue 20th May Late"]
[Site "chess.com INT"]
[Date "2025.05.20"]
[Round "8"]
[White "Fishbein, Alexander"]
[Black "Gubajdullin, Alexei"]
[Result "0-1"]
[WhiteTitle "GM"]
[BlackTitle "FM"]
[WhiteElo "2377"]
[BlackElo "2227"]
[WhiteFideId "2000377"]
[BlackFideId "4141202"]
[EventDate "2025.05.20"]

1. e4 c5 2. Nf3 d6 3. d4 cxd4 4. Nxd4 Nf6 5. Nc3 g6 6. Be2 Bg7 7. O-O O-O 8. Nb3
Nc6 9. Bg5 Be6 10. f4 Na5 11. Kh1 Bc4 12. Bd3 Nxb3 13. axb3 Bxd3 14. Qxd3 h6 15.
Bh4 Nd7 16. Nd5 Re8 17. Rad1 Nb6 18. f5 Nxd5 19. Qxd5 g5 20. Bg3 Bxb2 21. Qxb7
Qc8 22. Qd5 Bf6 23. c4 Rb8 24. Qd3 Qb7 25. Rb1 a5 26. h4 Rec8 27. Kh2 Qa6 28.
Rfc1 Rb7 29. h5 Rcb8 30. Be1 a4 31. b4 a3 32. Bc3 a2 33. Ra1 Rxb4 34. Bxf6 exf6
35. Qd4 Kg7 36. Rc2 Ra4 37. Qc3 Rb1 38. Rc1 Rxc1 39. Qxc1 Rxc4 40. Qb2 Ra4 41.
Kh3 Qc4 42. Re1 Qd3+ 43. g3 Ra3 44. Rg1 Qe3 0-1

[Event "Titled Tue 20th May Late"]
[Site "chess.com INT"]
[Date "2025.05.20"]
[Round "8"]
[White "Nielsen-Refs, Karl-Emil Elmer"]
[Black "Terron Elena, Francisco M."]
[Result "0-1"]
[WhiteTitle "CM"]
[BlackTitle "FM"]
[WhiteElo "2095"]
[BlackElo "2148"]
[WhiteFideId "1452797"]
[BlackFideId "2210576"]
[EventDate "2025.05.20"]

1. d4 d5 2. Nf3 Nf6 3. Bf4 c5 4. e3 Nc6 5. Nbd2 g6 6. c3 Bg7 7. Bd3 O-O 8. O-O
Nd7 9. e4 e5 10. exd5 exf4 11. dxc6 bxc6 12. Ne4 cxd4 13. Nxd4 Ne5 14. Bc2 Qb6
15. Qd2 Ba6 16. Rfe1 f3 17. Nxf3 Nxf3+ 18. gxf3 Qxb2 19. Rab1 Qa3 20. Bb3 Rad8
21. Qf4 Bd3 22. Rbd1 Bxe4 23. Rxd8 Rxd8 24. Qxf7+ Kh8 25. fxe4 Bxc3 26. Re3 Bg7
27. e5 Rf8 28. Qc4 Qb2 29. Qh4 Bxe5 30. Rh3 h5 31. Re3 Bg7 32. Kg2 Qd2 33. Re4
Qd6 34. Qg5 Qf6 35. Qe3 Qf5 36. Re6 Qg4+ 37. Qg3 Qxg3+ 38. hxg3 Bd4 39. Rxc6
Rxf2+ 40. Kh3 Kg7 0-1

[Event "Titled Tue 20th May Late"]
[Site "chess.com INT"]
[Date "2025.05.20"]
[Round "8"]
[White "Yevchenko, Oleksandr"]
[Black "Leinov, Roman"]
[Result "1-0"]
[WhiteTitle "CM"]
[BlackTitle "CM"]
[WhiteElo "2276"]
[BlackElo "2120"]
[WhiteFideId "14108267"]
[BlackFideId "13504649"]
[EventDate "2025.05.20"]

1. c4 Nf6 2. Nc3 e6 3. e4 d5 4. e5 Nfd7 5. cxd5 Nxe5 6. d4 Ng6 7. dxe6 Bxe6 8.
d5 Bd7 9. Qb3 b6 10. Bc4 Bd6 11. Nf3 O-O 12. O-O Re8 13. Bg5 f6 14. Be3 Kh8 15.
Rfe1 c5 16. Nb5 Bg4 17. Bd2 Rxe1+ 18. Rxe1 Bxf3 19. Nxd6 Qxd6 20. Re8+ Nf8 21.
Bf4 Nd7 22. Bxd6 Rxe8 23. gxf3 Ng6 24. Bg3 h5 25. Bb5 Re1+ 26. Kg2 Nde5 27. Bxe5
fxe5 28. f4 exf4 29. Kf3 Ne5+ 30. Kxf4 Kh7 31. d6 Kh6 32. Qc2 g5+ 33. Kf5 1-0

[Event "Titled Tue 20th May Late"]
[Site "chess.com INT"]
[Date "2025.05.20"]
[Round "8"]
[White "Aung Thant Zin"]
[Black "Albores, Pablo"]
[Result "0-1"]
[WhiteTitle "FM"]
[BlackTitle "CM"]
[WhiteElo "2268"]
[BlackElo "2220"]
[WhiteFideId "13000063"]
[BlackFideId "105546"]
[EventDate "2025.05.20"]

1. e4 d6 2. d4 Nf6 3. Nc3 g6 4. g3 Bg7 5. Bg2 O-O 6. Nge2 c6 7. O-O e5 8. h3 Qc7
9. b3 b5 10. a3 Nbd7 11. Bb2 a6 12. f4 Bb7 13. dxe5 dxe5 14. f5 Rad8 15. Qe1 c5
16. Rd1 b4 17. Nd5 Nxd5 18. exd5 bxa3 19. Bxa3 Qb6 20. Qf2 e4 21. Bxe4 Rde8 22.
Bg2 Qd6 23. Kh1 a5 24. Nf4 Ba6 25. Rfe1 Re5 26. Rxe5 Bxe5 27. c4 Re8 28. Bb2 a4
29. Bxe5 Qxe5 30. bxa4 Bxc4 31. Nd3 Bxd3 32. Rxd3 c4 33. Rd4 c3 34. Rc4 gxf5 35.
Qf4 Qe1+ 36. Kh2 Qd2 37. Rc7 Qxf4 38. gxf4 Nb6 39. Rxc3 Nxa4 0-1

[Event "Titled Tue 20th May Late"]
[Site "chess.com INT"]
[Date "2025.05.20"]
[Round "8"]
[White "Obon Temprano, Sergi"]
[Black "Khodabandeh, Milad"]
[Result "1-0"]
[WhiteTitle "FM"]
[BlackTitle "CM"]
[WhiteElo "2155"]
[BlackElo "1957"]
[WhiteFideId "2226545"]
[BlackFideId "12538620"]
[EventDate "2025.05.20"]

1. Nf3 Nf6 2. c4 c5 3. Nc3 Nc6 4. g3 d5 5. cxd5 Nxd5 6. Nxd5 Qxd5 7. Bg2 e5 8.
d3 Be7 9. O-O O-O 10. Be3 Qd6 11. Rc1 Nd4 12. Nxd4 exd4 13. Bf4 Qb6 14. Qb3 Be6
15. Qxb6 axb6 16. a3 Ra7 17. Bc7 Bd8 18. Bd6 Re8 19. Bb8 Ra8 20. Bf4 Bc8 21. Rc2
g5 22. Bc1 Ra7 23. b4 Bd7 24. bxc5 bxc5 25. Rxc5 Rxe2 26. Bxg5 b6 27. Rd5 Bxg5
28. Rxg5+ Kf8 29. Rd5 Bc6 30. Rxd4 Bxg2 31. Kxg2 Rxa3 32. Rb1 Re6 33. Rdb4 Rxd3
34. Rxb6 Rxb6 35. Rxb6 Kg7 36. h4 h5 37. Rb5 Kg6 38. Rg5+ Kh6 39. Rf5 Kg6 40.
Rf3 Rd1 41. Re3 f6 42. Kf3 Rc1 43. Kf4 Rc4+ 44. Re4 Rc3 45. f3 Rb3 46. g4 hxg4
47. fxg4 Rb1 48. h5+ Kh6 49. Re6 Rf1+ 50. Kg3 Kg5 51. Re4 Rg1+ 52. Kh3 Rf1 53.
Ra4 f5 54. Ra5 Rf3+ 55. Kg2 Kxg4 56. h6 f4 57. h7 Rh3 58. Rg5+ Kxg5 59. Kxh3 Kg6
60. h8=Q 1-0

[Event "Titled Tue 20th May Late"]
[Site "chess.com INT"]
[Date "2025.05.20"]
[Round "8"]
[White "Mazzilli, Piero"]
[Black "Hariharan, Shambavi"]
[Result "1/2-1/2"]
[WhiteTitle "FM"]
[BlackTitle "WCM"]
[WhiteElo "2274"]
[BlackElo "1892"]
[WhiteFideId "807087"]
[BlackFideId "488160"]
[EventDate "2025.05.20"]

1. e4 e5 2. Nf3 Nc6 3. Bb5 a6 4. Bxc6 dxc6 5. d4 exd4 6. Qxd4 Qxd4 7. Nxd4 Bc5
8. Be3 Bb6 9. Nd2 Nf6 10. f3 Bd7 11. Nc4 Ba7 12. Ne5 Bxd4 13. Bxd4 Be6 14. O-O-O
O-O-O 15. g4 Rhg8 16. b3 Nd7 17. Nd3 f6 18. Bc3 b6 19. Rhg1 h6 20. h4 Rdf8 21.
Rdf1 g6 22. g5 hxg5 23. hxg5 f5 24. Nf4 Re8 25. Nxe6 Rxe6 26. exf5 gxf5 27. f4
Nc5 28. Rh1 Ne4 29. Be5 Ng3 30. Rhg1 Nxf1 31. Rxf1 Kd7 32. Rh1 Rxe5 33. fxe5
Rxg5 34. Rh6 c5 35. Kb2 Rg2 36. Rf6 Rf2 37. Kc3 f4 38. Kd3 Ke7 39. a4 a5 40. c4
Rf1 41. Ke4 Re1+ 42. Kxf4 Rf1+ 43. Kg5 Rg1+ 44. Kf5 Rf1+ 45. Kg6 Rg1+ 46. Kf5
Rf1+ 47. Kg6 Rg1+ 48. Kf5 1/2-1/2

[Event "Titled Tue 20th May Late"]
[Site "chess.com INT"]
[Date "2025.05.20"]
[Round "8"]
[White "Kaasen, Tor Fredrik"]
[Black "Donchenko, Alexander"]
[Result "1-0"]
[WhiteTitle "IM"]
[BlackTitle "GM"]
[WhiteElo "2471"]
[BlackElo "2615"]
[WhiteFideId "1516647"]
[BlackFideId "24603295"]
[EventDate "2025.05.20"]

1. e4 c6 2. d4 d5 3. exd5 cxd5 4. Bd3 Nf6 5. c3 Bg4 6. Qb3 Qc7 7. h3 Bd7 8. Nf3
e6 9. O-O Bd6 10. Qd1 Bc6 11. Qe2 Nbd7 12. Nbd2 O-O 13. Re1 Rfc8 14. Ne5 Nf8 15.
Ndf3 Ne4 16. Nxc6 bxc6 17. Bxe4 dxe4 18. Qxe4 Rab8 19. c4 c5 20. dxc5 Bxc5 21.
Bf4 Bd6 22. Bxd6 Qxd6 23. b3 a5 24. Red1 Qa3 25. Ne5 Rc7 26. Nc6 Rbc8 27. Nd4
Rd7 28. Qc2 Rcd8 29. Nc6 Rc8 30. Rxd7 Nxd7 31. Rd1 Nf8 32. Na7 Rb8 33. Nb5 Qc5
34. Qd2 a4 35. Qd6 Qc8 36. Qb4 axb3 37. axb3 h5 38. Qd6 h4 39. Na7 Qb7 40. Nc6
Ra8 41. b4 Ng6 42. b5 Ra2 43. Qd8+ Kh7 44. Qg5 Ra8 45. Ne5 Nxe5 46. Qxe5 Qb6 47.
Qh5+ Kg8 48. Qxh4 Qc5 49. Qe4 Rc8 50. Rd7 Qxc4 51. Rd8+ 1-0

[Event "Titled Tue 20th May Late"]
[Site "chess.com INT"]
[Date "2025.05.20"]
[Round "8"]
[White "Serban, Cristian-Stefan"]
[Black "Yurtseven, Melih"]
[Result "1-0"]
[WhiteTitle "FM"]
[BlackTitle "IM"]
[WhiteElo "2332"]
[BlackElo "2339"]
[WhiteFideId "1241443"]
[BlackFideId "6312160"]
[EventDate "2025.05.20"]

1. d4 Nf6 2. c4 e6 3. Nf3 c5 4. d5 exd5 5. cxd5 g6 6. Nc3 d6 7. Nd2 Nbd7 8. e4
Bg7 9. Be2 O-O 10. O-O Re8 11. Qc2 Ne5 12. f4 Neg4 13. Nf3 Nh5 14. h3 Ngf6 15.
Re1 Ng3 16. Bb5 Bd7 17. Bxd7 Nxd7 18. Kh2 Nh5 19. g4 Nhf6 20. e5 dxe5 21. fxe5
Nxg4+ 22. hxg4 Nxe5 23. Nxe5 Qh4+ 24. Kg2 Bxe5 25. Qf2 Qxg4+ 26. Kf1 Bg3 27. Re4
Rxe4 28. Nxe4 Bxf2 29. Nf6+ Kg7 30. Nxg4 Bd4 31. Bh6+ Kg8 32. Re1 f5 33. d6 fxg4
34. d7 Kf7 35. Bg5 Rf8 36. d8=Q Rxd8 37. Bxd8 h5 38. b3 b6 39. Re7+ Kf8 40. Rxa7
Be5 41. Kg2 Ke8 42. Bh4 1-0

[Event "Titled Tue 20th May Late"]
[Site "chess.com INT"]
[Date "2025.05.20"]
[Round "8"]
[White "Ermolaev, Evgeny"]
[Black "Asish Panda"]
[Result "1-0"]
[WhiteTitle "FM"]
[WhiteElo "2282"]
[BlackElo "1911"]
[WhiteFideId "24103195"]
[BlackFideId "45012458"]
[EventDate "2025.05.20"]

1. d4 d5 2. c4 e6 3. Nf3 Nf6 4. g3 Be7 5. Bg2 O-O 6. O-O Ne4 7. b3 f5 8. Ba3
Bxa3 9. Nxa3 Qe7 10. Nc2 Rf6 11. Nce1 Rh6 12. Nd3 g5 13. Nfe5 Nd7 14. Qc1 c6 15.
c5 Rh5 16. h3 Kh8 17. b4 Ndf6 18. Qe1 Nd7 19. a4 Nf8 20. b5 Bd7 21. bxc6 Bxc6
22. a5 a6 23. Nxc6 bxc6 24. Ne5 Qc7 25. Rb1 Ng6 26. Nxg6+ hxg6 27. Qb4 g4 28.
hxg4 fxg4 29. Bxe4 dxe4 30. Qb7 Qd8 31. Kg2 Rc8 32. Rh1 Rc7 33. Rxh5+ gxh5 34.
Qxa6 h4 35. gxh4 Rh7 36. Qb6 Qxh4 37. Qb8+ Kg7 38. Qe5+ Kf8 39. Rb8+ Kf7 40.
Rb7+ Kf8 41. Qd6+ Kg8 42. Qxe6+ Kh8 43. Qe5+ Kg8 44. Qe8# 1-0

[Event "Titled Tue 20th May Late"]
[Site "chess.com INT"]
[Date "2025.05.20"]
[Round "8"]
[White "Thorhallsson, Simon"]
[Black "Smirnova, Ekaterina"]
[Result "1-0"]
[WhiteTitle "FM"]
[BlackTitle "WIM"]
[WhiteElo "2218"]
[BlackElo "2096"]
[WhiteFideId "2310090"]
[BlackFideId "4110943"]
[EventDate "2025.05.20"]

1. Nf3 d5 2. g3 Nf6 3. Bg2 Bf5 4. O-O c6 5. d3 Nbd7 6. c4 e6 7. cxd5 cxd5 8. Nc3
Be7 9. Re1 O-O 10. e4 Bg4 11. h3 Bh5 12. exd5 Nxd5 13. Nxd5 exd5 14. Bf4 Bf6 15.
Qb3 Nc5 16. Qa3 Ne6 17. Bd6 Re8 18. Ne5 Qb6 19. g4 Rad8 20. Bb4 Nf4 21. Nd7 Qd4
22. Bc3 Qxd3 23. Bxf6 Qxa3 24. Rxe8+ Rxe8 25. bxa3 Bg6 26. Bh4 Nxg2 27. Kxg2 d4
28. Nc5 d3 29. Rd1 Re2 30. Nxd3 Rxa2 31. Ne5 Be4+ 32. Kg3 Rxa3+ 33. f3 h6 34.
Rd8+ Kh7 35. Kf4 Bg6 36. Nxg6 Kxg6 37. Bf2 a5 38. Rb8 b5 39. Rxb5 Ra2 40. Be3 a4
41. Ra5 Ra1 42. Ra6+ Kh7 43. Ra7 Kg6 44. h4 f6 45. h5+ Kh7 46. Bd4 1-0

[Event "Titled Tue 20th May Late"]
[Site "chess.com INT"]
[Date "2025.05.20"]
[Round "8"]
[White "Obregon Rivero, Juan Carlos"]
[Black "Materia, Marco"]
[Result "0-1"]
[WhiteTitle "GM"]
[BlackTitle "IM"]
[WhiteElo "2476"]
[BlackElo "2489"]
[WhiteFideId "3507815"]
[BlackFideId "45150451"]
[EventDate "2025.05.20"]

1. Nf3 d5 2. g3 Nf6 3. Bg2 g6 4. c4 c6 5. Qa4 dxc4 6. Qxc4 Bg7 7. O-O O-O 8. d3
Nbd7 9. Qh4 e5 10. Nc3 Qe7 11. Bg5 Qd6 12. Rfd1 Re8 13. Nd2 Qf8 14. Rab1 a5 15.
a3 h6 16. Be3 Nc5 17. Bxh6 Bxh6 18. Qxf6 Bg7 19. Qh4 f5 20. b4 axb4 21. axb4 Ne6
22. Qc4 Kh7 23. b5 Nd4 24. bxc6 bxc6 25. Bxc6 Be6 26. Bd5 Rac8 27. Bxe6 Rxe6 28.
Qa2 Rxc3 29. e3 Rc2 30. Qd5 Rd6 31. Qg2 Ne2+ 32. Kf1 Nc3 33. Rbc1 Rxc1 34. Rxc1
Rxd3 35. Nf3 e4 36. Ng5+ Kg8 37. Qh3 Qf6 38. Qh7+ Kf8 39. Qh4 Ke8 40. Kg2 Rd2
41. Ra1 Nd1 42. Ra8+ Kd7 43. Ra7+ Kc8 44. Qh7 Qxg5 45. Qg8+ Qd8 46. Qc4+ Kb8 47.
Qa6 Nxe3+ 48. Kh3 Qh8# 0-1

[Event "Titled Tue 20th May Late"]
[Site "chess.com INT"]
[Date "2025.05.20"]
[Round "8"]
[White "Naroditsky, Daniel"]
[Black "Bluebaum, Matthias"]
[Result "1/2-1/2"]
[WhiteTitle "GM"]
[BlackTitle "GM"]
[WhiteElo "2619"]
[BlackElo "2660"]
[WhiteFideId "2026961"]
[BlackFideId "24651516"]
[EventDate "2025.05.20"]

1. d4 d5 2. Nc3 e6 3. Bf4 c5 4. Nf3 Nf6 5. e3 a6 6. dxc5 Bxc5 7. Bd3 Nc6 8. O-O
Bd6 9. Bxd6 Qxd6 10. e4 d4 11. Ne2 e5 12. Ng3 O-O 13. Nh4 g6 14. Qd2 Qe7 15. f4
Ng4 16. Nf3 Ne3 17. fxe5 Nxf1 18. Rxf1 Nxe5 19. Nxd4 Be6 20. c3 Rad8 21. Bc2 b5
22. h3 b4 23. Qh6 bxc3 24. bxc3 Rc8 25. Ngf5 Bxf5 26. exf5 Nc4 27. Rf4 Rfe8 28.
fxg6 fxg6 29. Bxg6 hxg6 30. Qxg6+ Qg7 31. Qh5 Ne3 32. Rf2 Rf8 33. Ne6 Rxf2 34.
Nxg7 Rxg2+ 35. Kh1 Rf8 36. Nf5 Rxf5 37. Qe8+ Rf8 38. Qxe3 Rg7 39. Qe6+ Kh7 40.
Qe4+ Kh8 41. Qd4 Re8 42. Qh4+ Kg8 43. Qc4+ Kh8 44. Qh4+ Kg8 45. Qc4+ Kh8 46.
Qh4+ 1/2-1/2

[Event "Titled Tue 20th May Late"]
[Site "chess.com INT"]
[Date "2025.05.20"]
[Round "8"]
[White "Cramling Bellon, Anna"]
[Black "Sakhayi, Mostafa"]
[Result "1-0"]
[WhiteTitle "WFM"]
[BlackTitle "CM"]
[WhiteElo "2046"]
[BlackElo "2166"]
[WhiteFideId "32009232"]
[BlackFideId "12512532"]
[EventDate "2025.05.20"]

1. d4 Nf6 2. c4 e6 3. Nc3 Bb4 4. Qc2 O-O 5. e4 d6 6. e5 dxe5 7. dxe5 Ng4 8. Nf3
Nc6 9. Bf4 Nd4 10. Qd1 Bc5 11. Nxd4 Bxd4 12. Qxg4 f5 13. Qg3 b5 14. cxb5 c5 15.
Bc4 Qe7 16. h4 Bb7 17. Bg5 Qf7 18. Bf6 Kh8 19. Bxe6 Qc7 20. Bg5 Bxe5 21. Qh3
Rae8 22. O-O-O Rxe6 23. Rhe1 Qf7 24. f4 Bxc3 25. Qxc3 Be4 26. h5 h6 27. Bh4 Kh7
28. Bf2 Qxh5 29. Bxc5 Rfe8 30. b4 Qf7 31. Rf1 Bxg2 32. Rg1 Be4 33. b6 axb6 34.
Bd4 Rc6 35. Rxg7+ Qxg7 36. Bxg7 Rxc3+ 37. Bxc3 Rg8 38. Rd7+ Kg6 39. Rd6+ Kh5 40.
Rxb6 Rc8 41. Kb2 Rd8 42. Bg7 1-0

[Event "Titled Tue 20th May Late"]
[Site "chess.com INT"]
[Date "2025.05.20"]
[Round "8"]
[White "Kobla, Vishal"]
[Black "Fernandes, Rogerio Paulo Muller"]
[Result "0-1"]
[WhiteTitle "CM"]
[WhiteElo "1968"]
[BlackElo "2241"]
[WhiteFideId "2078457"]
[BlackFideId "2101599"]
[EventDate "2025.05.20"]

1. e4 e6 2. d4 d5 3. Nd2 c5 4. exd5 Qxd5 5. Ngf3 cxd4 6. Bc4 Qd6 7. Kf1 Nf6 8.
Nb3 Nc6 9. Nbxd4 Nxd4 10. Qxd4 Qxd4 11. Nxd4 a6 12. c3 Bd7 13. Be2 e5 14. Nf3
Bd6 15. Bg5 Bc6 16. Rd1 Bc7 17. Nh4 Ne4 18. Be3 g6 19. f3 Nd6 20. Bg5 Rg8 21.
Bf6 g5 22. Bxe5 gxh4 23. Bxd6 O-O-O 24. Bxc7 Kxc7 25. Kf2 Rde8 26. Bc4 Rg7 27.
Rhe1 Rxe1 28. Rxe1 Kd6 29. b4 b5 30. Bb3 f5 31. Re6+ Kc7 32. Rf6 Rd7 33. Rxf5
Rd2+ 34. Kf1 h3 35. gxh3 Rxh2 36. Rh5 Bxf3 37. Rxh7+ Kd6 38. Rh5 Bg2+ 39. Kg1
Rxh3 40. Rd5+ Bxd5 41. Bd1 Bxa2 42. Kf2 Rxc3 43. Be2 Rb3 44. Bxb5 Rxb4 45. Bxa6
Bc4 46. Bxc4 Rxc4 47. Ke1 Ke5 48. Kd2 Ke4 49. Kd1 Rc3 50. Kd2 Kd4 51. Ke2 Rc2+
52. Kd1 Kd3 53. Ke1 Ra2 0-1

[Event "Titled Tue 20th May Late"]
[Site "chess.com INT"]
[Date "2025.05.20"]
[Round "8"]
[White "Carlsen, Magnus"]
[Black "Harsha, Bharathakoti"]
[Result "1-0"]
[WhiteTitle "GM"]
[BlackTitle "GM"]
[WhiteElo "2837"]
[BlackElo "2532"]
[WhiteFideId "1503014"]
[BlackFideId "5078776"]
[EventDate "2025.05.20"]

1. c4 e6 2. g3 d5 3. Bg2 Nf6 4. Nf3 Be7 5. O-O O-O 6. b3 c5 7. cxd5 Nxd5 8. Bb2
Nc6 9. d4 cxd4 10. Nxd4 Bd7 11. Nc3 Ndb4 12. Nf3 Rc8 13. a3 Na6 14. b4 Nc7 15.
Qb3 Bf6 16. Rfd1 Qe7 17. Ne4 Bxb2 18. Qxb2 Nd5 19. Nc5 Rc7 20. Rac1 Rd8 21. Nxd7
Rcxd7 22. b5 Na5 23. Ne5 Rc7 24. Rxc7 Qxc7 25. Bxd5 Rxd5 26. Rxd5 exd5 27. Qd4
Nc4 28. Qxa7 g6 29. Nd3 Qe7 30. Nf4 Nxa3 31. b6 Nc4 32. h4 Qd8 33. Qxb7 Nxb6 34.
h5 g5 35. Nd3 Nc4 36. h6 Qd6 37. Qc8+ Qf8 38. Qh3 Qe7 39. Qf5 f6 40. Qxd5+ Qf7
41. Qd8+ Qf8 42. Qd7 Qf7 43. Qc8+ 1-0

[Event "Titled Tue 20th May Late"]
[Site "chess.com INT"]
[Date "2025.05.20"]
[Round "8"]
[White "Eminov, Orkhan"]
[Black "Jacobsen, Mikkel Manosri"]
[Result "1-0"]
[WhiteTitle "FM"]
[BlackTitle "FM"]
[WhiteElo "2239"]
[BlackElo "2223"]
[WhiteFideId "13402153"]
[BlackFideId "1444514"]
[EventDate "2025.05.20"]

1. e4 c5 2. Nf3 Nf6 3. e5 Nd5 4. c4 Nc7 5. Nc3 Nc6 6. h4 Ne6 7. h5 Qc7 8. Nd5
Qb8 9. Qe2 Ncd4 10. Nxd4 Nxd4 11. Qe4 d6 12. Bd3 Bf5 13. Qe3 Bxd3 14. Qxd3 e6
15. Nc3 dxe5 16. O-O Be7 17. Qg3 O-O 18. d3 f5 19. Bh6 Bf6 20. f4 Kh8 21. Bg5
exf4 22. Bxf4 e5 23. Bd2 Qe8 24. Qh3 Rd8 25. Nd5 Rxd5 26. cxd5 Qd7 27. Bc3 Ne2+
28. Kh1 Nf4 29. Qf3 g6 30. Rae1 Qd6 31. h6 Nxd5 32. Qe2 Nxc3 33. bxc3 Rd8 34.
Qf3 b6 35. Rd1 Kg8 36. g4 f4 37. Qe4 Qd5 38. Kg2 Qxe4+ 39. dxe4 Rc8 40. Rd7 a5
41. Rfd1 Bg5 42. Rb7 Bxh6 43. Rh1 Bf8 44. Rhxh7 c4 45. Rhc7 Rd8 46. Rxb6 Rd2+
47. Kf1 f3 48. Rxg6+ Kh8 49. Rf6 Bd6 50. Rb7 Rc2 51. Rxf3 Bc5 52. Rb5 1-0

[Event "Titled Tue 20th May Late"]
[Site "chess.com INT"]
[Date "2025.05.20"]
[Round "8"]
[White "Howell, David W L"]
[Black "Goldin, Roman"]
[Result "1-0"]
[WhiteTitle "GM"]
[BlackTitle "FM"]
[WhiteElo "2668"]
[BlackElo "2296"]
[WhiteFideId "410608"]
[BlackFideId "2803860"]
[EventDate "2025.05.20"]

1. d4 Nf6 2. Bg5 d5 3. e3 e6 4. Bd3 c5 5. c3 Nbd7 6. Nd2 Be7 7. f4 b6 8. Ngf3
Bb7 9. Qb1 h6 10. Bxf6 Nxf6 11. Bb5+ Kf8 12. Ne5 Qc7 13. O-O g6 14. Bd3 Rg8 15.
a4 a5 16. Rf2 Ba6 17. Bxa6 Rxa6 18. Qd3 Ra8 19. Raf1 Qb7 20. g3 h5 21. h3 c4 22.
Qc2 b5 23. axb5 Qxb5 24. e4 Rb8 25. exd5 exd5 26. Rb1 a4 27. Kg2 Kg7 28. Re2 Bd6
29. Nef3 Rge8 30. Rxe8 Rxe8 31. Ne5 Rb8 32. Kf3 Qa6 33. Ra1 Qb5 34. Ra2 a3 35.
bxa3 Rb7 36. a4 Qa5 37. Kg2 Ne8 38. Nf1 Nf6 39. Ne3 Ne4 40. N3xc4 Qxc3 41. Qxc3
Nxc3 42. Nxd6 Rd7 43. Nxd7 Nxa2 44. a5 1-0

[Event "Titled Tue 20th May Late"]
[Site "chess.com INT"]
[Date "2025.05.20"]
[Round "8"]
[White "Belov, Alexei"]
[Black "Khanbutaev, Artemii"]
[Result "1-0"]
[WhiteTitle "IM"]
[WhiteElo "2421"]
[BlackElo "2059"]
[WhiteFideId "4128206"]
[BlackFideId "55747175"]
[EventDate "2025.05.20"]

1. e4 e5 2. Nf3 Nc6 3. Bb5 a6 4. Ba4 Nf6 5. d4 exd4 6. O-O b5 7. Bb3 Be7 8. e5
Ne4 9. Bd5 Ng5 10. Nxd4 Bb7 11. Nf5 O-O 12. Re1 Bc5 13. Qg4 h6 14. h4 Nxe5 15.
Rxe5 Qf6 16. Nxh6+ Qxh6 17. Bxg5 Qd6 18. Qe4 Bxd5 19. Qxd5 Rae8 20. Qxd6 Bxd6
21. Rxe8 Rxe8 22. Nd2 f6 23. Be3 c6 24. Kf1 Kf7 25. Re1 Bb4 26. c3 Bf8 27. Nb3
d6 28. Nd4 Rc8 29. Bf4 c5 30. Nf5 Rc6 31. h5 d5 32. Rd1 d4 33. cxd4 cxd4 34.
Rxd4 Ke6 35. g4 Rc2 36. Rd2 Rc1+ 37. Kg2 Rc4 38. Nd4+ Kd5 39. Be3 Ke4 40. Ne2
Ke5 41. Kf3 Ke6 42. Nd4+ Kf7 43. Nf5 Bb4 44. Nd6+ Bxd6 45. Rxd6 Rc3 46. bxc3 b4
47. cxb4 a5 48. bxa5 Ke7 49. Bc5 Ke8 50. a6 Kf7 51. a7 f5 52. gxf5 g6 53. hxg6+
Kg7 54. Bd4+ Kh6 55. g7+ Kh5 56. Rg6 Kh4 57. g8=Q Kh5 58. Qh8# 1-0

[Event "Titled Tue 20th May Late"]
[Site "chess.com INT"]
[Date "2025.05.20"]
[Round "8"]
[White "Peatman, Carter"]
[Black "Morais, Renan de Souza Stockler"]
[Result "1-0"]
[BlackTitle "CM"]
[WhiteElo "2082"]
[BlackElo "1703"]
[WhiteFideId "2096480"]
[BlackFideId "2187701"]
[EventDate "2025.05.20"]

1. d4 d5 2. Bf4 Bf5 3. e3 e6 4. c4 c6 5. Nc3 Bd6 6. Bg3 Nf6 7. Qb3 Bxg3 8. hxg3
Qb6 9. c5 Qxb3 10. axb3 Nbd7 11. b4 a6 12. b5 cxb5 13. Nxb5 O-O 14. Nd6 Bg4 15.
f3 Bh5 16. Ne2 b6 17. c6 Bg6 18. Nc3 b5 19. cxd7 Nxd7 20. Kd2 Rfb8 21. Bd3 Bxd3
22. Kxd3 Rb6 23. Ndxb5 Rc8 24. Na3 Rxb2 25. Rab1 Rxg2 26. Rhg1 Rf2 27. Rgf1 Rg2
28. g4 h6 29. Nc2 g6 30. Rg1 Rxg1 31. Rxg1 Kg7 32. Ra1 Ra8 33. Ra5 h5 34. gxh5
gxh5 35. Nb4 h4 36. Rxa6 Rxa6 37. Nxa6 h3 38. Ne2 Kg6 39. Ng3 Kg5 40. Ke2 Kh4
41. Kf2 e5 42. Nc7 f6 43. Nxd5 exd4 44. exd4 f5 45. Nf4 h2 46. Ng2+ Kh3 47. Nf4+
Kh4 48. Ne6 Nf6 49. Nxf5+ 1-0

[Event "Titled Tue 20th May Late"]
[Site "chess.com INT"]
[Date "2025.05.20"]
[Round "8"]
[White "Deac, Bogdan-Daniel"]
[Black "Klukin, Kirill"]
[Result "1-0"]
[WhiteTitle "GM"]
[BlackTitle "IM"]
[WhiteElo "2668"]
[BlackElo "2407"]
[WhiteFideId "1226380"]
[BlackFideId "24199273"]
[EventDate "2025.05.20"]

1. Nf3 c5 2. e3 Nf6 3. d4 cxd4 4. exd4 d5 5. c3 Nc6 6. Bf4 e6 7. Bd3 Bd6 8. Bg3
h6 9. Nbd2 O-O 10. O-O Bxg3 11. hxg3 Rb8 12. a4 b6 13. Re1 Bb7 14. Qe2 Nd7 15.
Qe3 Re8 16. Qf4 Qf6 17. Re3 g5 18. Qd6 Nf8 19. g4 Ng6 20. g3 Rbd8 21. Qa3 e5 22.
Rae1 e4 23. Nh2 Bc8 24. f3 Nf4 25. gxf4 gxf4 26. R3e2 e3 27. Ndf1 Kh8 28. Nxe3
fxe3 29. Rxe3 Rg8 30. b4 h5 31. Be2 Qh4 32. Qc1 Qg3+ 33. Kh1 Rde8 34. Bf1 Rxe3
35. Rxe3 hxg4 36. fxg4 Qd6 37. Rh3+ Kg7 38. Qg5+ Kf8 39. Qh5 Qg6 40. Qxd5 Ne7
41. Qd8+ Kg7 42. Qxe7 Be6 43. Qh4 Bd5+ 44. Kg1 Re8 45. Qh5 Qc6 46. Qg5+ Kf8 47.
Rh8# 1-0